[Event "WALTON BAN-chT 2019"]
[Site "Bangladesh"]
[Date "2019.12.15"]
[Round "8.2"]
[White "Subedi, Rajan"]
[Black "Murshed, Niaz"]
[Result "0-1"]
[WhiteElo "1949"]
[BlackElo "2413"]
[Annotator "TA"]
[PlyCount "80"]
[EventDate "2019.12.07"]
[EventType "team-tourn"]
[EventCountry "BAN"]
[SourceTitle "playchess.com"]
[Source "ChessBase"]
[SourceQuality "1"]

{[%evp 18,80,6,-14,0,-14,25,-53,-44,-84,-8,-76,-82,-128,-129,-169,-169,-161,-177,-166,-175,-184,-191,-375,-368,-383,-381,-555,-370,-362,-370,-366,-349,-410,-410,-389,-409,-439,-440,-469,-469,-508,-494,-493,-493,-539,-540,-501,-505,-602,-580,-767,-716,-761,-756,-816,-785,-1065,-1039,-6133,-5456,-12840,-1191,-6552,-833]} 1. e4 c5 2. Nf3 Nc6 3. d4 cxd4 4. Nxd4 Qc7 5. Nc3 e6 6. Be3 a6 7. Be2 Nf6 8. O-O Bb4 9. f3 O-O 10. Nxc6 bxc6 {B49: Sicilian: Taimanov: 5 Nc3 Qc7 6 Be3 a6 7 Be2} 11. Na4 Rb8 12. Kh1 (12. c4 $11) 12... d5 $15 {Black is slightly better.} 13. exd5 $146 ({Predecessor:} 13. Nc5 Rd8 14. Nxa6 Bxa6 15. Bxa6 dxe4 16. Qe2 Bd6 17. fxe4 Bxh2 18. Bg5 Be5 19. c3 c5 20. a4 Rd6 21. Bc4 Rdb6 22. Bb5 h6 23. Bxf6 {½-½ (23) T'Sas,J (1979)-Van den Brande,W (2237) Antwerp 2011}) 13... Nxd5 (13... cxd5 $17 14. b3 Bd6) 14. Qd3 (14. Bg1 $11) 14... Bd6 $17 15. Bg1 Rb4 16. Bc5 Rxa4 17. Bxd6 Qxd6 18. c4 Rb4 19. b3 a5 20. Rac1 $2 {[#]} (20. f4) 20... Ba6 $19 21. Qd1 Qe5 {Hoping for ...Ne3.} 22. cxd5 (22. Bd3 {might work better.} Nf6 23. Bc2) 22... Qxe2 23. Qxe2 Bxe2 24. Rfe1 Bb5 (24... cxd5 $2 25. Rxe2 g6 26. Kg1 $19) 25. dxc6 Rc8 26. c7 Kf8 27. Rc3 a4 {Black is clearly winning.} 28. Rd1 {[#] Strongly threatening Rd8+.} Ke7 29. Kg1 axb3 30. axb3 Ba6 31. Kf2 Bb7 32. Ke3 Bd5 33. Rdd3 Kd6 34. Kd2 Rxc7 35. Rxc7 Kxc7 {KRB-KR} 36. Kc2 g5 37. g3 h5 38. Kb2 Kd6 39. Ka3 Rb8 40. Rc3 Ke5 {Accuracy: White =  8%, Black = 77%.} 0-1

[Event "WALTON BAN-chT 2019"]
[Site "Bangladesh"]
[Date "2019.12.15"]
[Round "8.3"]
[White "Mchedlishvili, Mikheil"]
[Black "Kusatha, Niken"]
[Result "1-0"]
[WhiteElo "2567"]
[BlackElo "1949"]
[Annotator "RC"]
[PlyCount "89"]
[EventDate "2019.12.07"]
[EventType "team-tourn"]
[EventCountry "BAN"]
[SourceTitle "playchess.com"]
[Source "ChessBase"]
[SourceQuality "1"]
[TimeControl "5400+30"]

1. c4 {[%emt 0:00:06]} Nf6 {[%emt 0:00:00]} 2. Nc3 {[%emt 0:00:31]} e6 {[%emt 0:00:00]} 3. d4 {[%emt 0:00:42]} d5 {[%emt 0:00:52]} 4. cxd5 {[%emt 0:00:31]} exd5 {[%emt 0:00:07]} 5. Bg5 {[%emt 0:00:31]} Be7 {[%emt 0:00:35]} 6. e3 {[%emt 0:00:31]} O-O {[%emt 0:00:29]} 7. Bd3 {[%emt 0:00:29]} Re8 {[%emt 0:03:55]} 8. Nge2 {[%emt 0:01:26]} h6 {[%emt 0:02:37]} 9. Bh4 {[%emt 0:00:55]} c6 {[%emt 0:03:08]} 10. O-O {[%emt 0:02:06]} Ne4 {[%emt 0:02:05]} 11. Bxe7 {[%emt 0:15:45]} Nxc3 {[%emt 0:02:08]} 12. bxc3 {[%emt 0:00:29]} Qxe7 {[%emt 0:02:35]} 13. c4 {[%emt 0:06:01]} Be6 {[%emt 0:07:27]} 14. cxd5 {[%emt 0:05:00]} Bxd5 {[%emt 0:01:11]} 15. Qb1 {[%emt 0:03:09]} Na6 {[%emt 0:04:15]} 16. Bxa6 {[%emt 0:02:50]} bxa6 {[%emt 0:00:42]} 17. Nf4 {[%emt 0:01:46]} Be4 {[%emt 0:03:01]} 18. Qc1 {[%emt 0:00:49]} g5 {[%emt 0:04:32]} 19. Ne2 {[%emt 0:00:53]} Bd3 {[%emt 0:03:00]} 20. Qd2 {[%emt 0:00:53]} Qa3 {[%emt 0:10:30]} 21. Rfc1 {[%emt 0:02:36]} Rab8 {[%emt 0:01:18]} 22. Ng3 {[%emt 0:05:03]} Rb2 {[%emt 0:09:29]} 23. Qc3 {[%emt 0:00:19]} Qxc3 {[%emt 0:00:54]} 24. Rxc3 {[%emt 0:00:03]} Bc2 {[%emt 0:00:12]} 25. Rxc6 {[%emt 0:02:31]} Reb8 {[%emt 0:00:14]} 26. h3 {[%emt 0:01:12]} R8b6 {[%emt 0:01:16]} 27. d5 {[%emt 0:02:33]} Rxc6 {[%emt 0:04:13]} 28. dxc6 {[%emt 0:00:15]} Rb6 {[%emt 0:00:06]} 29. c7 {[%emt 0:06:09]} Rc6 {[%emt 0:00:49]} 30. Rc1 {[%emt 0:00:48]} Rxc7 {[%emt 0:00:19]} 31. Nf5 {[%emt 0:00:17]} Rc4 {[%emt 0:01:24]} 32. Nxh6+ {[%emt 0:00:17]} Kg7 {[%emt 0:01:50]} 33. Ng4 {[%emt 0:01:35]} Bb3 {[%emt 0:00:58]} 34. Rxc4 {[%emt 0:00:13]} Bxc4 {[%emt 0:00:13]} 35. a3 {[%emt 0:00:08]} f6 {[%emt 0:01:49]} 36. f4 {[%emt 0:00:22]} Be6 {[%emt 0:00:44]} 37. Kf2 {[%emt 0:00:20]} Bd5 {[%emt 0:01:59]} 38. Kg3 {[%emt 0:00:42]} Kg6 {[%emt 0:00:42]} 39. Nf2 {[%emt 0:04:00]} gxf4+ {[%emt 0:01:59]} 40. exf4 {[%emt 0:00:02]} a5 {[%emt 0:00:37]} 41. Ng4 {[%emt 0:00:12]} a4 {[%emt 0:01:31]} 42. Ne3 {[%emt 0:00:36]} Be4 {[%emt 0:00:28]} 43. Kh4 {[%emt 0:00:43]} Kf7 {[%emt 0:01:33]} 44. f5 {[%emt 0:00:26]} Ke7 {[%emt 0:00:13]} 45. g4 {[%emt 0:00:31]} 1-0

[Event "WALTON BAN-chT 2019"]
[Site "Bangladesh"]
[Date "2019.12.15"]
[Round "8.4"]
[White "Mezanur, Rahman"]
[Black "Mohammad Fahad, Rahman"]
[Result "1-0"]
[WhiteElo "1809"]
[BlackElo "2294"]
[Annotator "TA"]
[PlyCount "45"]
[EventDate "2019.12.07"]
[EventType "team-tourn"]
[EventCountry "BAN"]
[SourceTitle "playchess.com"]
[Source "ChessBase"]
[SourceQuality "1"]

{[%evp 27,115,0,0,0,6,19,296,307,349,350,427,412,443,428,408,415,536,515,669,668,661,660,645,645,622,616,576,313,512,504,741,737,633,688,671,633,1221,997,945,977,961,932,1048,1043,1091,1091,1588,1066,1021,1025,6148,2364,6148,5297,3232,2744,1596,1106,29963,29964,29965,29966,29965,29967,29967,29969,29968,29968,29970,29970,29984,29985,29985,29986,29989,29990,29990,29991,29991,29992,29994,29995,29995,29996,29996,29997,29997,29998,29998,29999]} 1. e4 c5 2. Nf3 d6 3. d4 cxd4 4. Nxd4 Nf6 5. Nc3 Nc6 6. Bg5 e6 7. Qd2 a6 8. O-O-O Bd7 9. f4 Be7 10. Nxc6 Bxc6 11. Bd3 b5 12. e5 dxe5 13. fxe5 Nd7 14. Bxe7 Qxe7 15. Be4 {B67: Sicilian: Richter-Rauzer: 7...a6 8 0-0-0 Bd7, lines without 9 f4 Be7} Nxe5 (15... Bxe4 16. Nxe4 Nxe5 17. Qd4 f6 18. Nd6+ Kf8 19. Rhf1 Kg8 20. g4 h6 21. h4 Rf8 22. a3 Qc7 {0-1 (67) Horvath,A (2485)-Kozul,Z (2621) Austria 2013}) 16. Qd4 Qg5+ $146 {[%mdl 8192]} (16... Bxe4 $1 $11 {and Black is okay.} 17. Qxe5 Bg6) ({Predecessor:} 16... Bxe4 17. Nxe4 f6 18. Nd6+ Kf8 19. Rhe1 Rd8 20. Qb6 Ra8 21. g4 h6 22. h4 g5 {1-0 (36) Rakhmangulova,A (2255)-Trisha,K (2028) Antalya 2019}) 17. Kb1 $18 {Black must now prevent Bxc6+.White has a decisive advantage.} Rd8 18. Qc5 Bd7 19. h4 Qg3 {Now ...f6 and Black clings on.} 20. Ne2 Qg4 21. Qxe5 Qxe2 22. Qxg7 Rf8 {[#]} 23. Bxh7 {Played: Be4-c6} 1-0

[Event "WALTON BAN-chT 2019"]
[Site "Bangladesh"]
[Date "2019.12.15"]
[Round "8.5"]
[White "Haque, Rezaul"]
[Black "Kovalev, Vladislav"]
[Result "0-1"]
[WhiteElo "2023"]
[BlackElo "2662"]
[Annotator "TA"]
[PlyCount "46"]
[EventDate "2019.12.07"]
[EventType "team-tourn"]
[EventCountry "BAN"]
[SourceTitle "playchess.com"]
[Source "ChessBase"]
[SourceQuality "1"]

{[%evp 9,56,0,0,0,0,5,0,-22,-15,-3,-14,-56,-48,-58,-55,-54,-63,-62,-45,-53,-51,-55,-45,-49,-60,-95,-53,-128,-108,-208,-197,-171,-155,-252,-260,-262,-248,-305,-274,-278,-270,-277,-278,-405,-405,-401,-401,-432,-425]} 1. Nf3 d5 2. d3 Nc6 3. c3 (3. Bf4 e6 4. e3 Bd6 5. d4 Bxf4 6. exf4 Qd6 7. Qd2 Nf6 8. c3 Ne4 9. Qe3 Ne7 10. Bd3 Nf5 {1-0 (54) Grischuk,A (2759)-Anand,V (2756) Amsterdam 2019}) 3... e5 4. b4 e4 5. dxe4 dxe4 6. Qxd8+ {A06: Réti Opening:1 Nf3 d5} Nxd8 7. Nd4 Ne6 8. Be3 $146 {The position is equal.} ({Predecessor:} 8. Nxe6 Bxe6 9. Bf4 a5 10. b5 Bd6 11. Bxd6 cxd6 {½-½ (37) Onkoud,A (2317)-Sulypa,O (2487) Rosny sous Bois 2002}) 8... Nf6 9. Nd2 a5 10. bxa5 Nd5 11. Nxe4 Nxe3 (11... Rxa5 $6 12. Bd2 $14) 12. fxe3 Rxa5 13. g3 Nc5 $36 {[%mdl 3072] Black has compensation. Black has the initiative.} 14. Bg2 Na4 15. O-O Be7 16. c4 O-O 17. Rac1 c6 18. Nd2 ({Better is} 18. c5 $15) 18... Bg5 $17 19. N2b3 (19. Kf2 $17 {might work better.}) 19... Bxe3+ $19 20. Kh1 Re5 21. Rcd1 (21. Rc2 $17 {was called for.}) 21... Nb2 {[%mdl 64] [#] Double Attack} 22. Rb1 Nxc4 23. Nc2 Rfe8 {Played: Bc8-f5} 0-1

[Event "WALTON BAN-chT 2019"]
[Site "Bangladesh"]
[Date "2019.12.15"]
[Round "8.6"]
[White "Safarli, Eltaj"]
[Black "Dutta, Joydeep"]
[Result "1-0"]
[WhiteElo "2601"]
[BlackElo "2060"]
[Annotator "TA"]
[PlyCount "73"]
[EventDate "2019.12.07"]
[EventType "team-tourn"]
[EventCountry "BAN"]
[SourceTitle "playchess.com"]
[Source "ChessBase"]
[SourceQuality "1"]

{[%evp 10,73,-4,-4,-6,-15,2,-3,-13,-50,-27,-111,-67,-68,-33,-44,-14,-12,14,22,34,27,16,0,19,7,15,13,22,16,28,21,35,17,54,0,0,-6,11,0,16,27,25,32,31,14,27,37,30,0,15,16,19,15,16,12,76,82,202,205,203,200,189,189,197,177]} 1. e4 e5 2. Nc3 Nf6 3. g3 Nc6 4. Bg2 Bc5 5. Nge2 a6 6. d3 d6 {C26: Vienna Game: 2...Nf6, sidelines} 7. h3 Be6 8. f4 h6 {The position is equal.} 9. Na4 $146 ({Predecessor:} 9. f5 Bd7 10. b3 Nd4 11. Bb2 Bc6 12. Nxd4 Bxd4 13. Qe2 b5 14. Nd1 {1-0 (60) Nakamura,H (2774)-Topalov,V (2749) Saint Louis 2017}) 9... Ba7 10. c4 (10. f5 $11 {keeps the balance.}) 10... b5 11. Nac3 Qb8 12. Nd5 Bxd5 13. cxd5 Nd4 14. Be3 Nc2+ 15. Qxc2 Bxe3 16. Qc6+ Ke7 17. fxe5 dxe5 {[#]} 18. d4 $1 {[%mdl 512]} exd4 (18... Bxd4 19. Nxd4) 19. Qc5+ Kd8 {aiming for ...Nd7.} 20. Nxd4 Bxd4 21. Qxd4 {e5 is the strong threat.} Qb6 22. Qc3 ({White should play} 22. Qxb6 $14 cxb6 23. O-O) 22... b4 $11 23. Qd2 Nd7 24. O-O-O Ne5 25. Kb1 Qd6 26. Rhf1 Rb8 27. h4 Rb6 28. Bh3 Re8 29. Qf4 Ke7 30. g4 Kf8 31. g5 $36 {[%mdl 2048] And now Be6 would win. White has some pressure.} Kg8 32. Rc1 Re7 (32... h5 $11) 33. Qg3 $16 a5 {[#]} (33... Nc4 $16 34. Qf2 Ne5) 34. Rf6 $1 $18 {[%cal Rf6d6][%mdl 512] White is clearly better.} gxf6 35. gxf6+ {[%mdl 64] Discovered Attack} Ng6 {[#]} 36. Qxd6 $1 ({Much less strong is} 36. fxe7 $6 Qxg3 37. e8=Q+ Kg7 $14) 36... cxd6 37. Rc8+ {Accuracy: White = 50%, Black = 36%.} ({Resist} 37. fxe7 $6 Nxe7 38. Rc7 Kf8 $16) 1-0

[Event "WALTON BAN-chT 2019"]
[Site "Bangladesh"]
[Date "2019.12.15"]
[Round "8.7"]
[White "Chatterjee, Debaraj"]
[Black "Mollah Abdullah, Al Rakib"]
[Result "0-1"]
[WhiteElo "2216"]
[BlackElo "2461"]
[Annotator "TA"]
[PlyCount "126"]
[EventDate "2019.12.07"]
[EventType "team-tourn"]
[EventCountry "BAN"]
[SourceTitle "playchess.com"]
[Source "ChessBase"]
[SourceQuality "1"]

{[%evp 17,126,15,27,16,39,10,40,0,18,10,31,7,22,17,17,0,0,-52,-14,-45,53,44,64,0,0,0,43,-37,-38,-31,-28,-68,-68,-68,-56,-59,-59,-62,-64,-94,-97,-119,-119,-140,-134,-147,-155,-147,-21,-40,-26,-25,-19,-58,-52,-51,-49,-50,-43,-75,-51,-50,0,-73,-62,-64,-64,-93,-89,-97,-107,-97,-89,-135,-133,-177,-185,-178,-178,-178,-178,-235,-231,-225,-180,-153,-160,-213,-208,-278,-284,-288,-236,-229,-225,-347,-347,-1610,-1612,-1311,-1601,-1604,-1594,-1483,-1543,-1432,-1539,-967,-960,-576,-548]} 1. d4 Nf6 2. c4 e6 3. g3 d5 4. Nf3 Bb4+ 5. Bd2 Be7 6. Bg2 c6 7. Qc2 O-O 8. O-O Nbd7 9. Rd1 Ne4 10. Nc3 {E11: Bogo-Indian} (10. Bf4 g5 11. Bc1 f5 12. Nc3 Bf6 13. e3 Rf7 14. b3 b6 15. Bb2 Bb7 16. Rac1 Qe8 17. Ne2 Rc8 {½-½ (53) Caruana,F (2802)-Nakamura,H (2786) chess.com INT 2017}) 10... f5 11. Be1 b6 {[%cal Bb7b6,Bb6b5,Bb5b4][%mdl 32]} 12. e3 $146 {White is slightly better.} ({Predecessor:} 12. b4 Ba6 13. b5 Nxc3 14. Qxc3 cxb5 15. cxd5 exd5 16. Qd3 Bb7 17. Qxb5 f4 {½-½ (94) Ushenina,A (2447)-Lei,T (2537) China 2018}) 12... Ba6 13. b3 Rc8 14. Qb2 Qe8 ({Much worse is} 14... dxc4 15. Nxe4 fxe4 16. Nd2 $14) 15. a4 Qh5 16. a5 b5 17. c5 (17. cxd5 $11 Nxc3 18. Bxc3) 17... b4 $15 18. Ne2 Ng5 (18... g5 $15) 19. Nxg5 $14 Bxe2 20. Rd2 (20. Nxe6 $14 Bxd1 21. Nf4) 20... Bxg5 $11 21. Rxe2 Nxc5 (21... e5 $5) 22. Ra2 (22. Qc2 $14 Nd7 23. Bxb4) 22... Nd3 $36 {[%mdl 2048] Black has some pressure.} 23. Qd2 Nxe1 24. Qxe1 Be7 25. Rec2 Qe8 26. Qe2 Qd7 27. Qa6 Rc7 28. Ra1 c5 29. dxc5 {[#]} Bf6 $1 {[%cal Rf6a1]} 30. Rd1 Bc3 31. e4 fxe4 32. Bxe4 Qf7 (32... Rxc5 $17 {With the idea ...Qc8.} 33. Bg2 Rf6) 33. Bg2 $11 Rxc5 34. Re2 d4 35. Qxe6 Qxe6 36. Rxe6 Rxa5 37. Bf1 Ra2 38. Re2 Ra3 39. Re7 Ra2 (39... a5 {feels hotter.} 40. Ra7 Kh8 41. Bc4 g6 42. Kg2 Ra2) 40. Re2 Rxe2 41. Bxe2 $17 {[%mdl 4096] Endgame KRB-KRB} Kf7 42. Bc4+ Ke7 43. Kg2 Kd6 44. Rd3 Rc8 {[#] And now ...Rxc4! would win.} 45. Bf7 a5 46. f4 Ra8 47. Kf3 a4 48. bxa4 Rxa4 49. Bg8 (49. Rd1 $142) 49... Ra1 $19 50. g4 Rb1 51. Bxh7 {aiming for Rxc3!} Rf1+ 52. Kg2 (52. Ke2 $17 Rh1 53. Bg8) 52... Rxf4 53. Kg3 Rf1 54. Rf3 Rg1+ 55. Kf2 Rxg4 56. Rg3 (56. h3 $142 Rh4 57. Bc2) 56... Rh4 57. Rxg7 $2 (57. Bg8) 57... d3 {Black is clearly winning.} 58. Rg6+ Kc7 59. Bg8 d2 60. Bb3 Rxh2+ 61. Kf1 Bd4 {( -> ...Rf2+)} 62. Rg2 Rh1+ 63. Ke2 Bc3 {Accuracy: White = 35%, Black = 65%.} 0-1

[Event "WALTON BAN-chT 2019"]
[Site "Bangladesh"]
[Date "2019.12.15"]
[Round "8.8"]
[White "Hossain, Enamul"]
[Black "Masum, Hossain"]
[Result "1-0"]
[WhiteElo "2419"]
[BlackElo "2088"]
[Annotator "TA"]
[PlyCount "40"]
[EventDate "2019.12.07"]
[EventType "team-tourn"]
[EventCountry "BAN"]
[SourceTitle "playchess.com"]
[Source "ChessBase"]
[SourceQuality "1"]

{[%evp 15,40,22,39,28,40,28,47,44,192,189,443,436,429,425,412,397,597,393,408,408,400,433,800,793,1608,1588,1389]} 1. e4 c5 2. Nf3 e6 3. d4 cxd4 4. Nxd4 Nf6 5. Nc3 d6 6. Be2 a6 7. O-O Nc6 8. Be3 Bd7 9. f4 {B84: Sicilian Scheveningen: 6 Be2 a6, lines without early Be3} b5 (9... Be7 10. Kh1 O-O 11. a4 Rc8 12. Nb3 Nb4 13. a5 e5 14. Qd2 Be6 15. Bf3 exf4 16. Bxf4 d5 17. Nd4 dxe4 18. Nxe4 Nxc2 19. Nxc2 Qxd2 20. Bxd2 Rxc2 21. Bc3 {½-½ (40) Korneev,O (2547)-Artemiev,V (2703) Kazan 2018}) 10. a3 Rc8 11. Qe1 $146 {White is slightly better.} ({Predecessor:} 11. Bf3 Be7 12. g4 h6 13. Kh1 g6 14. e5 Nh7 15. exd6 Bf6 16. Ne4 Nxd4 17. Nxf6+ Nxf6 18. Bxd4 {0-1 (54) Guerin,J (1567)-Chung,M (1851) Saint Paul Trois Chateaux 2013}) 11... Na5 ({Better is} 11... Be7 $14) 12. e5 $18 Nd5 $2 (12... Rxc3 13. Qxc3 Nd5) 13. Nxd5 exd5 {[#]} 14. e6 $1 {[%mdl 512]} fxe6 (14... Bxe6 15. Bh5) 15. Bg4 e5 (15... Nc6 {might work better.} 16. Nxe6 Qf6 17. Nxg7+ Bxg7) 16. Bxd7+ Kxd7 17. fxe5 dxe5 18. Rf7+ Be7 (18... Ke8 $142) 19. Bg5 {[%mdl 64] [#] Discovered Attack} Re8 20. Qxe5 {[%mdl 64] Double Attack} Rc6 1-0

[Event "WALTON BAN-chT 2019"]
[Site "Bangladesh"]
[Date "2019.12.15"]
[Round "8.9"]
[White "Mohammad Minhaz Uddin"]
[Black "Zia, Tahsin Tajwar"]
[Result "1-0"]
[WhiteElo "2324"]
[BlackElo "2148"]
[Annotator "TA"]
[PlyCount "41"]
[EventDate "2019.12.07"]
[EventType "team-tourn"]
[EventCountry "BAN"]
[SourceTitle "playchess.com"]
[Source "ChessBase"]
[SourceQuality "1"]

{[%evp 10,43,29,0,68,50,39,41,48,5,0,9,54,0,0,0,0,0,56,63,112,104,395,384,386,358,386,378,355,325,1060,1056,1048,1027,1028,1023]} 1. e4 c6 2. d4 d5 3. exd5 cxd5 4. c4 Nf6 5. Nc3 Nc6 6. Bg5 g6 {B13: Caro-Kann: Exchange Variation and Panov-Botvinnik Attack} (6... dxc4 $11 7. Nf3 h6 8. Bxf6 gxf6) (6... Be6 7. a3 Qd7 8. Nge2 dxc4 9. Bxf6 exf6 10. d5 O-O-O 11. dxc6 Qxc6 12. Qa4 Qb6 13. Qb5 Qc7 14. Ng3 a6 15. Qa4 Qf4 {1-0 (39) Inarkiev,E (2693)-Dreev,A (2670) Moscow 2018}) 7. Bxf6 $1 $14 exf6 8. cxd5 Ne7 $146 {White is slightly better.} ({Predecessor:} 8... Nb8 9. Bb5+ Nd7 10. Qe2+ Qe7 11. Ne4 Qb4+ 12. Kf1 Kd8 13. a3 Qxd4 14. Rd1 Qe5 15. Nf3 Qe8 16. d6 f5 17. Qc4 Qe6 18. Qc7+ Ke8 19. Nfg5 Bxd6 20. Rxd6 Qb3 21. Bc4 {1-0 (21) Harper,R (2264)-Lee,C (1951) Port of Spain 2013}) 9. Nf3 Bg7 10. Bb5+ Bd7 11. d6 (11. Qa4 $14) 11... Nf5 12. Qe2+ Kf8 13. O-O $36 {[%mdl 2048] White is pushing.} h5 ({Black should try} 13... Nxd6 $11 14. Bxd7 Qxd7) 14. Ne4 $1 Kg8 15. Rac1 {Threatens to win with Bxd7.} Rc8 $2 {[%mdl 8192]} (15... Be6 $16) 16. Bxd7 $18 Qxd7 17. Rxc8+ {[%mdl 64] [#] Overworked Piece} Qxc8 18. Qb5 Kh7 {Black hopes to continue with ...Rd8.} 19. d7 Qc6 $2 (19... Qc7 20. Qd5 Rf8) 20. Qxc6 {White is clearly winning.} bxc6 {[#]} 21. Neg5+ {Played: Nf3-g5} 1-0

[Event "WALTON BAN-chT 2019"]
[Site "Bangladesh"]
[Date "2019.12.15"]
[Round "8.10"]
[White "Lugovskoy, Maxim"]
[Black "Ahmed, Sheikh Nasir"]
[Result "1-0"]
[WhiteElo "2466"]
[BlackElo "2187"]
[Annotator "TA"]
[PlyCount "83"]
[EventDate "2019.12.07"]
[EventType "team-tourn"]
[EventCountry "BAN"]
[SourceTitle "playchess.com"]
[Source "ChessBase"]
[SourceQuality "1"]

{[%evp 21,83,0,47,21,17,0,22,0,26,23,21,0,37,0,0,-14,2,0,18,22,45,31,54,44,56,0,0,0,0,0,0,5,50,49,75,0,0,0,0,0,0,0,0,0,10,6,18,22,24,23,23,31,136,141,545,546,541,535,523,511,604,587,1349,1340]} 1. e4 c5 2. Nf3 e6 3. d4 cxd4 4. Nxd4 Nc6 5. Nc3 Qc7 6. g3 Nf6 7. Bg2 a6 8. Nxc6 bxc6 9. O-O Be7 10. b3 O-O 11. Bb2 d6 12. Qd2 {B80: Sicilian Scheveningen: 6 g3 and 6 Be3, including English Attack} (12. Na4 Rb8 13. c4 c5 14. f4 Nd7 15. Qe2 Bb7 16. Rae1 Rbd8 17. Nc3 Nb8 18. Qg4 g6 19. f5 Nd7 20. fxe6 {1-0 (52) Morozevich,A (2721)-Svidler,P (2765) Moscow 2006}) 12... Bb7 13. Rfe1 $146 ({Predecessor:} 13. Rad1 Rfd8 14. Qe2 a5 15. Rfe1 Ba6 16. Qf3 e5 17. Rd2 Ne8 18. h4 Nf6 19. a4 Bc8 20. Ba3 h6 21. Qd1 Bg4 22. Bf3 Be6 23. Re3 Ne8 {½-½ (23) Ondo,R (2155)-Chudy,R Slovakia 2001}) 13... Rfd8 14. Rad1 {The position is equal.} c5 15. Qe2 Nd7 16. Nb1 c4 17. Rd4 (17. Qxc4 $14 Qxc4 18. bxc4) 17... Nb6 $11 18. Qg4 {And now Rxc4! would win.} e5 19. Rdd1 Re8 20. Nc3 Rad8 21. Qe2 Bf8 22. Bf1 $36 {[%cal Rb3c4][%mdl 2048] White fights for an advantage.} Qc5 23. a4 (23. Qf3 $14) 23... cxb3 24. cxb3 d5 25. exd5 Nxd5 26. Qc4 Nxc3 27. Bxc3 Rxd1 {[#]} 28. Rxd1 (28. Qxc5 $1 $16 Bxc5 29. Rxd1) 28... Qe7 $1 29. Qd3 Qf6 30. Bg2 Bxg2 31. Kxg2 Qc6+ 32. Kg1 f6 33. Bd2 Rb8 34. Rc1 Qe6 35. Rc4 Be7 36. Be3 Rb4 {[#]} (36... f5 $14) 37. Rc7 $1 $16 {[%cal Rc7e7]} Bf8 $2 {[%mdl 8192]} (37... Rb8 $16 {is tougher.}) 38. Qd8 $18 {Threatening mate with Bc5!White is clearly winning.} Qd6 39. Rc8 {Qxd6 would kill now.} Qxd8 40. Rxd8 {Threatens to win with Bc5!} Rb7 41. Bc5 $1 {[%csl Gc5][%cal Rd8f8]} Rf7 42. b4 {Accuracy: White = 59%, Black = 30%.} 1-0

[Event "WALTON BAN-chT 2019"]
[Site "Bangladesh"]
[Date "2019.12.15"]
[Round "8.11"]
[White "Islam, Khandaker Aminul"]
[Black "Khusenkhojaev, Muhammad"]
[Result "0-1"]
[WhiteElo "2206"]
[BlackElo "2427"]
[Annotator "RC"]
[PlyCount "62"]
[EventDate "2019.12.07"]
[EventType "team-tourn"]
[EventCountry "BAN"]
[SourceTitle "playchess.com"]
[Source "ChessBase"]
[SourceQuality "1"]
[TimeControl "5400+30"]

1. d4 {[%emt 1:30:30]} Nf6 {[%emt 1:30:30]} 2. Bg5 {[%emt 0:00:30]} e6 {[%emt 0:00:30]} 3. Nd2 {[%emt 0:00:30]} h6 {[%emt 0:00:30]} 4. Bh4 {[%emt 0:00:30]} c5 {[%emt 0:00:30]} 5. e4 {[%emt 0:00:30]} cxd4 {[%emt 0:00:30]} 6. e5 {[%emt 0:00:30]} g5 {[%emt 0:00:30]} 7. Bg3 {[%emt 0:00:30]} Nd5 {[%emt 0:00:30]} 8. h4 {[%emt 0:00:30]} gxh4 {[%emt 0:00:30]} 9. Bxh4 {[%emt 0:00:30]} Qa5 {[%emt 0:00:30]} 10. Ngf3 {[%emt 0:00:30]} Nc6 {[%emt 0:00:30]} 11. Bc4 {[%emt 0:00:30]} Ne3 {[%emt 0:00:30]} 12. fxe3 {[%emt 0:00:30]} dxe3 {[%emt 0:00:30]} 13. Bf6 {[%emt 0:00:30]} Rg8 {[%emt 0:00:30]} 14. c3 {[%emt 0:00:30]} exd2+ {[%emt 0:00:30]} 15. Qxd2 {[%emt 0:00:30]} b5 {[%emt 0:00:30]} 16. Bd3 {[%emt 0:00:30]} b4 {[%emt 0:00:30]} 17. Be4 {[%emt 0:00:30]} bxc3 {[%emt 0:00:30]} 18. bxc3 {[%emt 0:00:30]} Qa4 {[%emt 0:00:30]} 19. Bc2 {[%emt 0:00:30]} Qg4 {[%emt 0:00:30]} 20. Rh2 {[%emt 0:00:30]} Rb8 {[%emt 0:00:30]} 21. Rb1 {[%emt 0:00:30]} Rxb1+ {[%emt 0:00:30]} 22. Bxb1 Ba6 {[%emt 0:00:30]} 23. Kd1 {[%emt 0:01:00]} Qa4+ {[%emt 0:00:30]} 24. Qc2 {[%emt 0:00:30]} Qb5 {[%emt 0:00:30]} 25. a4 {[%emt 0:00:30]} Qf1+ {[%emt 0:00:30]} 26. Ne1 {[%emt 0:00:30]} Rg3 {[%emt 0:00:30]} 27. Qd2 {[%emt 0:00:30]} Qc4 {[%emt 0:00:30]} 28. Rh4 {[%emt 0:00:30]} Rg4 {[%emt 0:00:30]} 29. Rxg4 {[%emt 0:00:30]} Qxg4+ {[%emt 0:00:30]} 30. Nf3 {[%emt 0:00:30]} Qxa4+ {[%emt 0:00:30]} 31. Bc2 {[%emt 0:00:30]} Qa1+ {[%emt 0:00:30]} 0-1